| 000 | 00000nam 2200000zi 4500 |
| 001 | 9.931510 |
| 003 | CaOODSP |
| 005 | 20240212141952 |
| 006 | m o d f |
| 007 | cr mn||||||||| |
| 008 | 231215t20242024qucab ob f000 0 eng d |
| 020 | |a9780660693286 |
| 040 | |aCaOODSP|beng|erda|cCaOODSP |
| 043 | |an-cn-qu |
| 086 | 1 |aTU3-12/21-0265E-PDF |
| 110 | 2 |aTransportation Safety Board of Canada.|eauthor, |eissuing body. |
| 245 | 10|aCapsizing, rescue boat 1864, off Île au Diable, Montréal (Quebec), 17 October 2021. |
| 264 | 1|aGatineau QC : |bTransportation Safety Board of Canada = Bureau de la sécurité des transports du Canada, |c2024. |
| 264 | 4|c©2024 |
| 300 | |a1 online resource (53 pages) : |billustrations, maps |
| 336 | |atext|btxt|2rdacontent |
| 337 | |acomputer|bc|2rdamedia |
| 338 | |aonline resource|bcr|2rdacarrier |
| 490 | 1 |aMarine transportation safety investigation report ; |vM21C0265 |
| 500 | |aIssued also in French under title: Chavirement, bateau de sauvetage 1864, au large de l'île au Diable, Montréal (Québec), 17 octobre 2021. |
| 500 | |a"Released 31 January 2024." |
| 504 | |aIncludes bibliographical references. |
| 650 | 0|aMarine accidents|xInvestigation|zQuébec (Province) |
| 775 | 08|tChavirement, bateau de sauvetage 1864, au large de l'île au Diable, Montréal (Québec), 17 octobre 2021.|w(CaOODSP)9.931511 |
| 830 | #0|aMarine transportation safety investigation report ;|vM21C0265.|w(CaOODSP)9.856045 |
| 856 | 40|qPDF|sMB|uhttps://publications.gc.ca/collections/collection_2024/bst-tsb/TU3-12-21-0265-eng.pdf |
| 856 | 4 |qHTML|sN/A|uhttps://www.tsb.gc.ca/eng/rapports-reports/marine/2021/m21c0265/m21c0265.html |